<?xml version="1.0" encoding="UTF-8"?>
<record
    xmlns:xsi="http://www.w3.org/2001/XMLSchema-instance"
    xsi:schemaLocation="http://www.loc.gov/MARC21/slim http://www.loc.gov/standards/marcxml/schema/MARC21slim.xsd"
    xmlns="http://www.loc.gov/MARC21/slim">

  <leader>00683nam a2200145   4500</leader>
  <controlfield tag="008">863 Q7d</controlfield>
  <datafield tag="020" ind1=" " ind2=" ">
    <subfield code="a">9968834941</subfield>
  </datafield>
  <datafield tag="082" ind1=" " ind2=" ">
    <subfield code="a">863</subfield>
    <subfield code="b">Q7d</subfield>
  </datafield>
  <datafield tag="100" ind1=" " ind2=" ">
    <subfield code="a">Quintero, Jhafis</subfield>
    <subfield code="9">6813</subfield>
  </datafield>
  <datafield tag="245" ind1=" " ind2=" ">
    <subfield code="a">Los due&#xF1;os del mundo</subfield>
  </datafield>
  <datafield tag="260" ind1=" " ind2=" ">
    <subfield code="a">San Jos&#xE9;, Costa Rica</subfield>
    <subfield code="b">TEOR/&#xE9;Tica</subfield>
    <subfield code="c">2009</subfield>
  </datafield>
  <datafield tag="300" ind1=" " ind2=" ">
    <subfield code="a">104 p.</subfield>
    <subfield code="b">ill</subfield>
    <subfield code="c">21.5 x 14 cm</subfield>
  </datafield>
  <datafield tag="505" ind1=" " ind2=" ">
    <subfield code="t">Presentaci&#xF3;n</subfield>
    <subfield code="r">Luis Chaves</subfield>
    <subfield code="t">Nato Final</subfield>
    <subfield code="t">El qu&#xED;mico, el guante o nadie sabe para qui&#xE9;n trabaja</subfield>
    <subfield code="t">Manitas en la masa</subfield>
    <subfield code="t">&#xA1;Bingo!</subfield>
    <subfield code="t">Made in China</subfield>
    <subfield code="t">Amor eterno</subfield>
    <subfield code="t">De noche de noche todos los gatos son pardos </subfield>
    <subfield code="t">Blue</subfield>
    <subfield code="t">Secuaz</subfield>
    <subfield code="t">Papa sol</subfield>
    <subfield code="t">Calixto</subfield>
    <subfield code="t">Flash-Thal&#xED;a</subfield>
    <subfield code="t">El due&#xF1;o del mundo</subfield>
    <subfield code="t">Popeye</subfield>
    <subfield code="t">Palmo de narices</subfield>
    <subfield code="t">Salida a escena</subfield>
  </datafield>
  <datafield tag="650" ind1=" " ind2=" ">
    <subfield code="x">literatura</subfield>
    <subfield code="x">Panam&#xE1;</subfield>
    <subfield code="x">narrativa</subfield>
    <subfield code="9">6814</subfield>
  </datafield>
  <datafield tag="999" ind1=" " ind2=" ">
    <subfield code="c">1681</subfield>
    <subfield code="d">1681</subfield>
  </datafield>
  <datafield tag="952" ind1=" " ind2=" ">
    <subfield code="0">0</subfield>
    <subfield code="1">0</subfield>
    <subfield code="2">ddc</subfield>
    <subfield code="4">0</subfield>
    <subfield code="7">0</subfield>
    <subfield code="a">LV</subfield>
    <subfield code="b">LV</subfield>
    <subfield code="c">Colecci&#xF3;n Teor&#xE9;tica</subfield>
    <subfield code="d">2018-11-24</subfield>
    <subfield code="l">0</subfield>
    <subfield code="o">863 Q7d</subfield>
    <subfield code="p">002340</subfield>
    <subfield code="r">2018-11-24 00:00:00</subfield>
    <subfield code="w">2018-11-24</subfield>
    <subfield code="y">01</subfield>
  </datafield>
  <datafield tag="952" ind1=" " ind2=" ">
    <subfield code="0">0</subfield>
    <subfield code="1">0</subfield>
    <subfield code="2">ddc</subfield>
    <subfield code="4">0</subfield>
    <subfield code="7">0</subfield>
    <subfield code="a">LV</subfield>
    <subfield code="b">LV</subfield>
    <subfield code="c">Colecci&#xF3;n Teor&#xE9;tica</subfield>
    <subfield code="d">2018-11-24</subfield>
    <subfield code="l">0</subfield>
    <subfield code="o">863 Q7d</subfield>
    <subfield code="p">002322</subfield>
    <subfield code="r">2018-11-24 00:00:00</subfield>
    <subfield code="w">2018-11-24</subfield>
    <subfield code="y">01</subfield>
  </datafield>
  <datafield tag="952" ind1=" " ind2=" ">
    <subfield code="0">0</subfield>
    <subfield code="1">0</subfield>
    <subfield code="2">ddc</subfield>
    <subfield code="4">0</subfield>
    <subfield code="7">0</subfield>
    <subfield code="a">LV</subfield>
    <subfield code="b">LV</subfield>
    <subfield code="c">Colecci&#xF3;n Teor&#xE9;tica</subfield>
    <subfield code="d">2018-11-24</subfield>
    <subfield code="l">0</subfield>
    <subfield code="o">863 Q7d</subfield>
    <subfield code="p">002336</subfield>
    <subfield code="r">2018-11-24 00:00:00</subfield>
    <subfield code="w">2018-11-24</subfield>
    <subfield code="y">01</subfield>
  </datafield>
</record>
